[Event "Cali TAEI op 1st"]
[Site "Cali"]
[Date "2007.05.06"]
[Round "6"]
[White "Garcia, Orlando"]
[Black "Orozco, Luz Elena"]
[Result "1/2-1/2"]
[WhiteElo "2151"]
[BlackElo "1889"]
[PlyCount "94"]
[EventDate "2007.05.04"]
[EventType "swiss"]
[EventRounds "6"]
[EventCountry "COL"]
[SourceTitle "EXT 2024"]
[Source "ChessBase"]
[SourceDate "2023.10.10"]
[SourceVersion "1"]
[SourceVersionDate "2023.10.10"]
[SourceQuality "1"]

1. e4 d5 2. exd5 Qxd5 3. Nc3 Qa5 4. d4 Nf6 5. Nf3 Bg4 6. h3 Bxf3 7. Qxf3 c6 8. Bf4 e6 9. 0-0-0 Bb4 10. Bc4 Bxc3 11. bxc3 Qa3+ 12. Kb1 Nbd7 13. Bb3 a5 14. Bc1 Qe7 15. a4 0-0 16. Ka2 Rfc8 17. Ba3 Qd8 18. c4 b5 19. c5 b4 20. Bc1 Nd5 21. Bxd5 exd5 22. Rhe1 h6 23. Qg3 Kh8 24. Rd3 Nf6 25. f3 Qd7 26. Qh4 Re8 27. Bxh6 Rxe1 28. Bd2+ Kg8 29. Qxe1 Re8 30. Re3 Rxe3 31. Qxe3 Qf5 32. Kb3 Kf8 33. h4 Nd7 34. g4 Qf6 35. c3 Qxh4 36. cxb4 axb4 37. a5 Qh1 38. Be1 Qf1 39. Bxb4 Qb1+ 40. Ka4 Qa1+ 41. Ba3 Qd1+ 42. Kb4 Nb8 43. Bb2 Qf1 44. Ka3 Qb5 45. Bc3 Na6 46. f4 Nc7 47. Qe5 Qc4 1/2-1/2

[Event "Cali TAEI op 1st"]
[Site "Cali"]
[Date "2007.05.06"]
[Round "5"]
[White "Salazar, Ricardo"]
[Black "Garcia, Orlando"]
[Result "0-1"]
[WhiteElo "2025"]
[BlackElo "2151"]
[PlyCount "70"]
[EventDate "2007.05.04"]
[EventType "swiss"]
[EventRounds "6"]
[EventCountry "COL"]
[SourceTitle "EXT 2024"]
[Source "ChessBase"]
[SourceDate "2023.10.10"]
[SourceVersion "1"]
[SourceVersionDate "2023.10.10"]
[SourceQuality "1"]

1. d4 d5 2. g3 Nf6 3. Bg2 g6 4. Nf3 Bg7 5. 0-0 0-0 6. c4 c6 7. Nc3 Ne4 8. cxd5 Nxc3 9. bxc3 cxd5 10. Qb3 Nc6 11. Re1 b6 12. e4 dxe4 13. Rxe4 Bb7 14. Re1 Rc8 15. Bf4 Na5 16. Qa3 e6 17. Rac1 Re8 18. Nd2 Bxg2 19. Kxg2 e5 20. dxe5 g5 21. Be3 Qd5+ 22. Kg1 Rxe5 23. c4 Qc6 24. Nb3 Qe8 25. Nxa5 Rxa5 26. Qb3 Re5 27. Red1 Bf8 28. Qd3 Bc5 29. Qd7 Qxd7 30. Rxd7 Rxe3 31. Rxa7 Re2 32. Rf1 Rd8 33. a4 Rdd2 34. Rc7 Bxf2+ 35. Kg2 g4 0-1

[Event "Cali TAEI op 1st"]
[Site "Cali"]
[Date "2007.05.04"]
[Round "1"]
[White "Barrientos Chavarriaga, Sergio E"]
[Black "Garcia, Orlando"]
[Result "1-0"]
[WhiteElo "2428"]
[BlackElo "2151"]
[PlyCount "123"]
[EventDate "2007.05.04"]
[EventType "swiss"]
[EventRounds "6"]
[EventCountry "COL"]
[SourceTitle "EXT 2024"]
[Source "ChessBase"]
[SourceDate "2023.10.10"]
[SourceVersion "1"]
[SourceVersionDate "2023.10.10"]
[SourceQuality "1"]

1. e4 c5 2. Nf3 d6 3. d4 cxd4 4. Nxd4 Nf6 5. Nc3 a6 6. Bg5 e6 7. f4 Nbd7 8. Qf3 Qc7 9. 0-0-0 b5 10. Bd3 Bb7 11. Rhe1 0-0-0 12. Bxb5 axb5 13. Ndxb5 Qc5 14. Qd3 Be7 15. Nxd6+ Bxd6 16. Qxd6 Qxd6 17. Rxd6 Ne8 18. Rd4 f6 19. Bh4 e5 20. Rc4+ Kb8 21. f5 Nd6 22. Rb4 Nc5 23. Bf2 Rc8 24. Rd1 Rhd8 25. Bxc5 Rxc5 26. Na4 Rc6 27. c3 Nf7 28. Rxd8+ Nxd8 29. Nb6 Nf7 30. Nd7+ Kc8 31. Nb6+ Kb8 32. Nc4 Ng5 33. Nd2 Kc7 34. Kc2 Ba6 35. c4 Rd6 36. h4 Nf7 37. Nb3 Rc6 38. Kc3 Nd6 39. Nd2 Nb5+ 40. Kd3 Rd6+ 41. Ke3 Nd4 42. Ra4 Nc2+ 43. Ke2 Bb7 44. c5 Ba6+ 45. Nc4 Rc6 46. Kd2 Rxc5 47. Rxa6 Rxc4 48. Ra7+ Kb6 49. Rxg7 Nd4 50. g4 Rc2+ 51. Kd3 Rxb2 52. g5 fxg5 53. hxg5 Rxa2 54. Rxh7 Rg2 55. g6 Kc5 56. Rd7 Rg3+ 57. Kd2 Kc4 58. Rc7+ Kb4 59. g7 Kb5 60. f6 Kb6 61. Rc8 Ne6 62. g8Q 1-0

[Event "Cali TAEI op 1st"]
[Site "Cali"]
[Date "2007.05.04"]
[Round "2"]
[White "Garcia, Orlando"]
[Black "Ceron, Edgar Ivan"]
[Result "1-0"]
[WhiteElo "2151"]
[BlackElo "1929"]
[PlyCount "105"]
[EventDate "2007.05.04"]
[EventType "swiss"]
[EventRounds "6"]
[EventCountry "COL"]
[SourceTitle "EXT 2024"]
[Source "ChessBase"]
[SourceDate "2023.10.10"]
[SourceVersion "1"]
[SourceVersionDate "2023.10.10"]
[SourceQuality "1"]

1. Nf3 d5 2. d4 e6 3. c4 Nf6 4. Nc3 Be7 5. Bg5 Nbd7 6. e3 0-0 7. Rc1 a6 8. Qb3 dxc4 9. Bxc4 b5 10. Be2 c5 11. 0-0 Bb7 12. Rfd1 c4 13. Qc2 Rc8 14. a3 Qc7 15. e4 Nb8 16. d5 exd5 17. e5 Ne4 18. Bxe7 Qxe7 19. Nxd5 Bxd5 20. Rxd5 Nc5 21. Rcd1 Rfd8 22. Rd6 Nb7 23. Rxd8+ Rxd8 24. a4 Nc6 25. axb5 axb5 26. Qe4 Rxd1+ 27. Bxd1 Qd7 28. Bc2 g6 29. Ng5 Qd2 30. h4 Nbd8 31. e6 Nxe6 32. Nxe6 fxe6 33. Qxe6+ Kg7 34. Be4 Qc1+ 35. Kh2 Qf4+ 36. Kh3 Ne5 37. f3 Qf6 38. Qd5 g5 39. Qb7+ Nf7 40. Qxb5 gxh4 41. Qd7 Qxb2 42. Bd5 Qf6 43. Bxc4 Qf4 44. Qxf7+ Qxf7 45. Bxf7 Kxf7 46. Kxh4 Kg6 47. Kg4 h6 48. Kh4 Kh7 49. Kh5 Kg7 50. g3 Kh7 51. g4 Kg7 52. g5 hxg5 53. Kxg5 1-0